00971cam a22002657a 450000500170000000800410001701000100005801100100006803500100007809000160008810000380010424501070014226000680024930000100031759000410032759000410036859000410040959000420045065000550049265000500054765000450059770000390064290100070068199900170068820220329141148.0971010s1980 r 00010 d a63645 a64617 a70386 aFolleto 96200aGómez Lorence, Federico.949784 0aReporte del viaje de estudios al norte de México, S. W. de E.E.U.U. y Península de Baja California aChapingo, Méx. :bUACH. Departamento de Zonas Arídas,c1980 a55 h. aBATCH-UPDb10c20130110lUCH01h1016 aBATCH-UPDb10c20130410lUCH01h0623 aBATCH-UPDb10c20130913lUCH01h2106 aCONVERSIONb10c20130109lUCH01h133414aAgriculturaxInvestigacionxBaja California.9158514aAgriculturaxInvestigaciónxMéxico.9164314aAgriculturaxInvestigacionzE.U.A.916990 aAlejandre Iturbide, Gabriel.93747 aBK c63645d63645